The later philosophy of R.G. Collingwood (Record no. 129913)
[ view plain ]
| 000 -LEADER | |
|---|---|
| fixed length control field | 00410nam a22001337a 4500 |
| 008 - FIXED-LENGTH DATA ELEMENTS--GENERAL INFORMATION | |
| fixed length control field | 191016b ||||| |||| 00| 0 eng d |
| 050 ## - LIBRARY OF CONGRESS CALL NUMBER | |
| Classification number | B1618.C74 D6 |
| 100 ## - MAIN ENTRY--PERSONAL NAME | |
| Personal name | Donagan, Alan |
| 9 (RLIN) | 48324 |
| 245 ## - TITLE STATEMENT | |
| Title | The later philosophy of R.G. Collingwood |
| Statement of responsibility, etc | Alan Donagan |
| 260 ## - PUBLICATION, DISTRIBUTION, ETC. (IMPRINT) | |
| Place of publication, distribution, etc | Clarendon Press |
| Name of publisher, distributor, etc | Oxford |
| Date of publication, distribution, etc | 1962 |
| 300 ## - PHYSICAL DESCRIPTION | |
| Extent | xi, 332p. ; |
| Dimensions | 22cm. |
| 600 ## - SUBJECT ADDED ENTRY--PERSONAL NAME | |
| Personal name | Collingwood, robin George |
| 9 (RLIN) | 28001 |
| 942 ## - ADDED ENTRY ELEMENTS (KOHA) | |
| Source of classification or shelving scheme | Library of Congress Classification |
| Item type | Monograph ( Printed materials) |
| Withdrawn status | Lost status | Source of classification or shelving scheme | Damaged status | Not for loan | Collection code | Home library | Current library | Shelving location | Date acquired | Total Checkouts | Full call number | Barcode | Date last seen | Price effective from | Koha item type |
|---|---|---|---|---|---|---|---|---|---|---|---|---|---|---|---|
| Library of Congress Classification | Main Collection | ARRUPE LIBRARY | ARRUPE LIBRARY | Main Collection | 16/10/2019 | B1618.C74 D6 | 46600005721 | 16/10/2019 | 16/10/2019 | Monograph ( Printed materials) |